| 000 | 00512nam a22001817a 4500 | ||
|---|---|---|---|
| 999 |
_c187697 _d187697 |
||
| 005 | 20220427174103.0 | ||
| 010 | _aENG-132433 | ||
| 020 |
_a9788187891963 _c995.00 |
||
| 035 | _aEN-115965 | ||
| 037 | _bDBAD/PUB | ||
| 082 | _a796.3340954 | ||
| 100 | _aNath, Nirmal | ||
| 245 |
_aHistory of Indian Football/ _cNirmal Nath |
||
| 260 |
_aKolkata _bTandrita Chandra _c2011 |
||
| 270 |
_bKolkata _a59/5A, Garfa Main Road |
||
| 300 |
_aix, 444p. _c24cm(hbk) |
||
| 942 |
_2ddc _cEN _h796.3340954 _mNAT |
||